书目信息 |
| 题名: |
特朗普自传
|
|
| 作者: | 特朗普 , 施瓦茨 著 ;尹瑞珉 译 | |
| 分册: | ||
| 出版信息: | 北京 中国青年出版社 2016 |
|
| 页数: | 245页 | |
| 开本: | 24cm | |
| 丛书名: | ||
| 单 册: | ||
| 中图分类: | K837.125.38=6 | |
| 科图分类: | ||
| 主题词: | ||
| 电子资源: | ||
| ISBN: | 978-7-5153-4263-4 | |
| 000 | 01203nam0 22002771 450 | |
| 001 | 0102164843 | |
| 005 | 20170502164843.0 | |
| 010 | @a978-7-5153-4263-4@dCNY39.00 | |
| 100 | @a20160826d2016 em y0chiy50 ea | |
| 101 | 1 | @achi@ceng |
| 102 | @aCN@b110000 | |
| 105 | @aa z 000ya | |
| 106 | @ar | |
| 200 | 1 | @a特朗普自传@9te lang pu zi chuan@dTrump@e从商人到参选总统@ethe art of the deal@f唐纳德·特朗普,托尼·施瓦茨著@zeng |
| 210 | @a北京@c中国青年出版社@d2016 | |
| 215 | @a245页@c图,照片@d24cm | |
| 330 | @a本书为我们展示了“地产大王”特朗普的11条“求胜法则”。他仔细分析促成大买卖的各个因素,揭开那些看似神秘的面纱,将自己多年总结的交易之道娓娓道来。本书能让你真真切切地看到这位天才企业家的所思所想,也能为你的生意起到柳暗花明的点拨作用。 | |
| 510 | 1 | @aTrump@ethe art of the deal@zeng |
| 517 | 1 | @a从商人到参选总统@9cong shang ren dao can xuan zong tong |
| 600 | 0 | @a特朗普@Ate lang pu@c(Trump, Donald John@f1946- )@x自传 |
| 690 | @aK837.125.38=6@v5 | |
| 701 | 0 | @c(美)@a特朗普@9te lang pu@c(Trump, Donald J.@f1946-)@4著 |
| 701 | 0 | @c(美)@a施瓦茨@9shi wa ci@4著 |
| 702 | 0 | @a尹瑞珉@9yin rui min@4译 |
| 801 | 0 | @aCN@b百万庄@c20170308 |
| 905 | @b1001764-9@dK837.125.38=6@e829@f6 | |
| 特朗普自传=Trump:从商人到参选总统:the art of the deal/唐纳德·特朗普,托尼·施瓦茨著.-北京:中国青年出版社,2016 |
| 245页:图,照片;24cm |
| ISBN 978-7-5153-4263-4:CNY39.00 |
| 本书为我们展示了“地产大王”特朗普的11条“求胜法则”。他仔细分析促成大买卖的各个因素,揭开那些看似神秘的面纱,将自己多年总结的交易之道娓娓道来。本书能让你真真切切地看到这位天才企业家的所思所想,也能为你的生意起到柳暗花明的点拨作用。 |
| ● |
| 相关链接 |
|
|
|
|
正题名:特朗普自传
索取号:K837.125.38=6/829
 
预约/预借
| 序号 | 登录号 | 条形码 | 馆藏地/架位号 | 状态 | 备注 |
| 1 | 1001764 | 210017649 | 第二样本阅览室/ [索取号:K837.125.38=6/829] | 在馆 | |
| 2 | 1001765 | 210017658 | 教育系资料室/ [索取号:K837.125.38=6/829] | 在馆 | |
| 3 | 1001766 | 210017667 | 教育系资料室/ [索取号:K837.125.38=6/829] | 在馆 | |
| 4 | 1001767 | 210017676 | 教育系资料室/ [索取号:K837.125.38=6/829] | 在馆 | |
| 5 | 1001768 | 210017685 | 第二借阅区/ [索取号:K837.125.38=6/829] | 在馆 | |
| 6 | 1001769 | 210017694 | 第二借阅区/ [索取号:K837.125.38=6/829] | 在馆 |